Evaluación por triangulación de medios: abordaje de programas sociales

Guardado en:
Detalles Bibliográficos
Autor principal: Souza Minayo, María Cecilia de (Autor)
Formato: Libro
Lenguaje:español
Publicado: Buenos Aires Lugar Editorial 2005
Edición:1a. ed
Colección:Colección Salud Colectiva
Materias:
Etiquetas: Agregar Etiqueta
Sin Etiquetas, Sea el primero en etiquetar este registro!

MARC

LEADER 00000nam a2200000 a 4500
001 UCJ9248
003 CL-VaPUC
008 070309e20050000AG |||||||||||||||||spa|d
020 |a 9508922443 
082 0 4 |a 362  |b SOU  |2 21 
100 0 |a Souza Minayo, María Cecilia de  |e author  |9 519194 
245 1 0 |a Evaluación por triangulación de medios: abordaje de programas sociales  
250 |a 1a. ed 
300 |a 243 p 
942 |c BK 
945 |d 20070309 00:00:00  |a lvergara 
260 |a Buenos Aires  |b Lugar Editorial  |c 2005 
650 7 |a EVALUACION SOCIAL  |2 CL-VaPUC  |9 375781 
650 0 |a Desarrollo social  |9 264534 
650 7 |a PROGRAMAS SOCIALES  |2 CL-VaPUC  |9 324718 
650 0 |a Bienestar social   |9 255298 
583 |a last modification  |c 20070309 00:00:00  |k Rodrigo Vera 
490 0 |a Colección Salud Colectiva 
999 |c 324834  |d 324832 
952 |0 0  |1 0  |4 0  |6 362_000000000000000_SOU_2005  |7 0  |8 A  |9 405207  |a BIBGIM  |b BIBGIM  |d 2019-11-22  |i 4311639  |o 362 SOU 2005  |p 4311639  |r 2025-01-15  |w 2019-11-22  |y BK  |k SSL